The foundation directory
Saved in:
| Corporate Author: | |
|---|---|
| Other Authors: | , |
| Format: | Book |
| Language: | English |
| Published: |
New York :
Foundation Center,
1985
|
| Edition: | 10th ed. |
| Subjects: | |
| Tags: |
Add Tag
No Tags, Be the first to tag this record!
|
MARC
| LEADER | 00000nam a2200000 i 4500 | ||
|---|---|---|---|
| 001 | 1/73395 | ||
| 008 | 970115s1985 eng d | ||
| 020 | |a 0-87954-132-6 | ||
| 035 | |l 10003224 | ||
| 040 | |a GR-MY-UA |b gre |e aacr | ||
| 041 | 0 | |a eng | |
| 082 | 0 | |a 061 | |
| 245 | 1 | 4 | |a The foundation directory / |c Edited by Loren Renz; Patricia Read ; Compliled by the Foundation Center |
| 250 | |a 10th ed. | ||
| 260 | |a New York : |b Foundation Center, |c 1985 | ||
| 300 | |a xliii, 885 σ.; |c 29 εκ. | ||
| 504 | |a Περιέχει ευρετήριο | ||
| 650 | 0 | 0 | |a Associations, institutions, etc. |z United States. |
| 700 | 1 | |a Renz, Loren. |4 edt | |
| 700 | 1 | |a Read, Patricia |q (Patricia E.) |4 edt | |
| 710 | 2 | |a Foundation Center. | |
| 852 | |a INST |b LESVOS |e 19970115 |h 061 FOU |p 005100022761 |q 005100022761 |t REF |y 23 | ||
| 909 | |a Λ |b 02976 | ||